000 00407nam a2200169Ia 4500
008 210210b1982 xxu||||| |||| 00| 0 eng d
041 _aeng
082 _a820.33 RUSM
100 _aRUSHDIE (Salman)
245 _aMidnights children
260 _aNew York
_bAvon Books
_c1982
300 _aviii,552
650 _aMidnights
650 _achildren
690 _aIndian English Fiction
906 _aSG02614
999 _c113599
_d113599